| 000 | 00538 a2200169 4500 | ||
|---|---|---|---|
| 003 | Nust | ||
| 005 | 20170207153457.0 | ||
| 040 | _cNust | ||
| 082 | _a920 | ||
| 100 | _aYoung T,Dinsdale | ||
| 245 |
_aOswald Chambers _bHis Life and work _cDinsdale T Young |
||
| 260 |
_aLondon _bSimpkin |
||
| 300 | _a445 :p | ||
| 505 | _aEarly Years (Page-17), Dunoon (Page-57), America And Japan (Page-89), The League Of Prayer (Page-125), The Bible Training College (Page-177), Egypt (Page-212). | ||
| 538 | _aAlmirah No.60 Shelf No.4 | ||
| 650 | _aBiography | ||
| 942 |
_2ddc _cBK |
||
| 999 |
_c187145 _d187145 |
||